Kaart van de Kleine Antillen Quiz - Statistieken

Algemene statistieken
  • Deze quiz is 2.203 keer genomen
  • De gemiddelde score is 9 van 19
Antwoorden op de kaart
Antwoorden kleurgecodeerd door een groen-rode schaal op de quizkaart volgens % correct hieronder.
 
Antwoordstatistieken
Antwoord % Correct
Trinidad en Tobago
78%
Aruba (Nederland)
67%
Bonaire (Nederland)
66%
Barbados
60%
Curaçao (Nederland)
60%
Antigua en Barbuda
50%
Grenada
50%
Saint Vincent en de Grenadines
50%
Dominica
49%
Amerikaanse Maagdeneilanden
48%
Saint Lucia
48%
Saint Kitts en Nevis
46%
Britse Maagdeneilanden
42%
Guadeloupe (Frankrijk)
38%
Sint Maarten (Frankrijk | Nederland)
32%
Martinique (Frankrijk)
30%
Anguilla (VK)
26%
Montserrat (VK)
26%
Saint Barthélemy (Frankrijk)
20%
Geen overeenkomende quizzen gevonden
Scoreverdeling
Procent van Mensen met Elke Score
Percentiel versus Aantal Correcte Antwoorden
Uw Scoregeschiedenis
U heeft deze quiz nog niet genomen